| 000 | 01384nam a22003617a 4500 | ||
|---|---|---|---|
| 001 | 240033 | ||
| 003 | DO-SdBPM | ||
| 005 | 20250801120725.0 | ||
| 007 | ta | ||
| 008 | 160322b2002 sp ||| |||| 00| 0 spa d | ||
| 020 | _a8466203044 | ||
| 040 |
_aDO-SdBPM _bspa _cBPMSU _erda |
||
| 082 | 4 |
_aR036 _bE56i 2002 _222 |
|
| 240 | 1 | 0 |
_a Our world & its people. _lEspañol |
| 245 | 1 | 0 |
_aEnciclopedia ilustrada juvenil : _bEl mundo y su conocimiento / _ctraducción Nuria García ; edición Azucena Merino ; ilustradores Susanna Addario and others. |
| 264 |
_aMadrid : _bEditorial LIBS, _c2002. |
||
| 300 |
_a64 páginas . : _bilustraciones ; _c28 cm. |
||
| 336 |
_atexto _btxt _2rdacontent |
||
| 337 |
_asin mediación _bn _2rdamedia |
||
| 338 |
_avolumen _bnc _2rdacarrier |
||
| 490 | 0 | _aEnciclopedia ilustrada juvenil | |
| 505 | _aLa gente-- Religiones del mundo -- Formas de vida -- Agricultura y pesca-- Industria -- Construcciones. | ||
| 590 | _aInventariado, 2025/VM | ||
| 650 | 7 | _aEnciclopedias y diccionarios | |
| 650 | 7 |
_aIndustria _vPreguntas y respuestas. |
|
| 650 | 7 |
_aTransporte _vPreguntas y respuestas. |
|
| 650 | 7 |
_aHistoria _vPreguntas y respuestas. |
|
| 700 | 1 |
_aGarcía, Nuria, _etraductora |
|
| 700 | 1 |
_aMerino, Azucena, _eeditor |
|
| 700 | 1 |
_aAddario, Susanna, _eilustración |
|
| 910 | _aVMateo V. Control de calidad. BPMSU | ||
| 942 |
_2ddc _cBK |
||
| 999 |
_c9367 _d9367 |
||